000 00406nam a2200157Ia 4500
005 20250516032943.0
008 240331s9999 xx 000 0 und d
020 _a9555530785
082 _a300
_bAMA
100 _aAmarasekara, D
245 0 _aSamaja viddyawa :
_bsaralashastriya lipi
260 _aVarakapola
_bAriya Publishers
_c1995
300 _a168 p .,
500 _aBooks on Social Science
942 _cL
999 _c969
_d969